|
|
|
|
| LEADER |
01156nam a22002537a 4500 |
| 001 |
31500 |
| 003 |
BD-DhAAL |
| 005 |
20250623150604.0 |
| 008 |
170412s2016 bg ao||| |||| 00| 0 eng d |
| 040 |
|
|
|a BD-DhAAL
|c BD-DhAAL
|
| 082 |
0 |
4 |
|a 307.1412095492
|2 23
|
| 245 |
0 |
0 |
|a BRAC Myanmar :
|b annual report,
|f 2015 /
|
| 260 |
|
|
|a Dhaka :
|b BRAC,
|c 2016.
|
| 300 |
|
|
|a 32 pages :
|b illustrations ;
|c 28 cm.
|
| 526 |
|
|
|a AAL
|
| 541 |
|
|
|a BRAC
|e 31500
|
| 610 |
|
|
|a BRAC
|9 14405
|
| 650 |
|
|
|a Rural development
|z Bangladesh.
|9 14406
|
| 710 |
|
|
|a BRAC
|9 14405
|
| 852 |
|
|
|a Ayesha Abed Library
|c BRAC Resource Section
|
| 942 |
|
|
|2 ddc
|c BK
|
| 999 |
|
|
|c 38035
|d 38035
|
| 952 |
|
|
|0 0
|1 0
|2 ddc
|4 0
|6 307_141209549200000_BRA
|7 1
|8 RPT
|9 60174
|a BRACUL
|b BRACUL
|c BRS
|d 2017-04-12
|e Complimentary copy from BRAC
|l 0
|o 307.1412095492 BRA
|p 3010031500
|r 2017-04-12
|t 1
|w 2017-04-12
|y BK
|x Complimentary copy from BRAC ; price not available in register
|
| 952 |
|
|
|0 0
|1 0
|2 ddc
|4 0
|6 307_141209549200000_BRA
|7 1
|8 RPT
|9 64790
|a BRACUL
|b BRACUL
|c BRS
|d 2017-04-12
|e Complimentary copy from BRAC
|l 0
|o 307.1412095492 BRA
|p 3010031501
|r 2018-12-10
|t 2
|w 2017-04-12
|y BK
|x Complimentary copy from BRAC ; price not available in register
|